00402nam a2200169Ia 4500003000400000005001700004008004100021040000700062041000800069082001600077100001800093245004300111260004000154300000900194650001400203700001500217OSt20250814093943.0250729s2004 xx 000 0 und d cAL aeng a370.78 JANE aBhatiya kamal aThe principles and methods of teaching aNew DelhibMittal Publicationc2004 a244p aEducation aBhatiyaD B